000 004810000a22001930004500
999 _c49210
_d49210
001 2060
003 CO-MdFUSB
005 20170816153426.0
008 170816b xxu||||| |||| 00| 0 eng d
020 _aM254b
040 _cCO-MdBIC
082 0 4 _a863C R631b
100 1 _aMcVicker Chuck
245 1 0 _aBuck rogersen el siglo 25 / ilustraciones Chuck McVicker
260 _aClombia : Edinorma ltda.
300 _a16 P.
650 1 4 _aNovelas de ciencia ficción
942 _cLGB